000 01253ngm a22003010a 4500
001 PT15551
003 AR-LpoUNG
005 20210202000200.0
007 vd cvaizq
008 191001s1959||||ag |||||||||||||||||spa d
037 _c$6.6
040 _aAR-LpoUNG
_bspa
_cAR-LpoUNG
_eaacr
041 _aspa
082 0 _a305.52 319dol
100 1 _aFellini, Federico
_edir.
245 1 3 _aLa dolce vita
260 _as.l. :
_bs.n.,
_c1959.
300 _aVHS (166 min.) : son., col.
505 0 _aMúsica: Nino Rota ; fotografía: Othello Martelli.
520 _aEn esta ocasión a la original capacidad de imagineria del director se une una carga sarcástica contra gran parte de la sociedad romana de la época, siendo su esencial punto de mira la comunidad aristócrata y la gente del espectáculo contemplada bajo la cínica mirada de un vividor periodista del corazón. Establece con ironia un retarato de diversos aspectos sociales como la religion, el hedonismo, la familia, el sexo, la juventud, el amor o el dinero desde una perspectiva crítica embebida de un humor satirico y perverso.
650 4 _aCLASE ALTA
650 4 _aELITE
650 4 _aITALIA
651 4 _aItalia
653 _aVIDEOS
905 _a15551
942 _cVIDEO
999 _c54280
_d54280